000 00649nam a22001817a 4500
005 20251108165251.0
008 250721s9999 xx 000 0 ara d
082 1 4 _a332.53/أحم
100 1 _aعبد اللطيف، أحمد سعد
245 1 0 _aبورصة الأوراق المالية /
264 1 _aالقاهرة :
_bجامعة القاهرة - التعليم المفتوح،
_c[19-].
300 _a372ص
490 0 _aدراسات بكالوريوس التجارة في المعاملات المالية والتجارية
650 1 7 _aالأوراق المالية
650 1 7 _aالبورصة
942 _2ddc
_cBK
999 _c23671
_d23671